000 00335pab a2200145 454500
008 180718b1995 xxu||||| |||| 00| 0 eng d
100 _aMubashir Hasan
245 _aOn replacing nationalism
260 _c1995
300 _ap.15-16
362 _aAnnual
650 _aNationalism - Pakistan
773 _aMainstream
909 _a30098
999 _c30098
_d30098